[Event "Ile et Vilaine op"]
[Site "Rennes"]
[Date "2017.07.10"]
[Round "4"]
[White "Houlgate, Anthony"]
[Black "Stephan, Victor"]
[Result "0-1"]
[WhiteElo "1878"]
[BlackElo "2352"]
[PlyCount "78"]
[EventDate "2017.07.08"]
[EventType "swiss"]
[EventRounds "9"]
[EventCountry "FRA"]
[SourceTitle "EXT 2019"]
[Source "ChessBase"]
[SourceDate "2018.10.10"]
[SourceVersion "1"]
[SourceVersionDate "2018.10.10"]
[SourceQuality "1"]

1. e4 c5 2. Nf3 d6 3. d4 cxd4 4. Nxd4 Nf6 5. Nc3 a6 6. Bg5 e6 7. f4 Be7 8. Qf3 Qc7 9. 0-0-0 Nbd7 10. Bd3 b5 11. Rhe1 Bb7 12. Qe2 Nc5 13. Bxf6 gxf6 14. Qh5 b4 15. Nd5 exd5 16. exd5 0-0-0 17. Qxf7 Bf8 18. Bf5+ Kb8 19. Qxc7+ Kxc7 20. Ne6+ Nxe6 21. Rxe6 Bc8 22. Rxf6 Be7 23. Rf7 Bxf5 24. Rxf5 Rdf8 25. Rxf8 Rxf8 26. Rd4 a5 27. Kd2 Kd7 28. b3 h5 29. Kd3 Rg8 30. g3 h4 31. f5 hxg3 32. hxg3 Rxg3+ 33. Kc4 Rc3+ 34. Kb5 Bd8 35. Rf4 Rc5+ 36. Ka6 Bf6 37. Rf2 Rxd5 38. Rf3 Rc5 39. Rf2 Kc6 0-1

[Event "Rennes op 6th"]
[Site "Rennes"]
[Date "2013.07.06"]
[Round "1"]
[White "Houlgate, Anthony"]
[Black "Bailet, Pierre"]
[Result "0-1"]
[WhiteElo "1966"]
[BlackElo "2474"]
[PlyCount "74"]
[EventDate "2013.07.06"]
[EventType "swiss"]
[EventRounds "9"]
[EventCountry "FRA"]
[SourceTitle "CBM 155 Extra"]
[Source "ChessBase"]
[SourceDate "2013.08.26"]
[SourceVersion "1"]
[SourceVersionDate "2013.08.26"]
[SourceQuality "1"]

1. e4 c5 2. Nf3 Nc6 3. d4 cxd4 4. Nxd4 Nf6 5. Nc3 e5 6. Ndb5 d6 7. Bg5 a6 8. Na3 b5 9. Bxf6 gxf6 10. Nd5 f5 11. Bd3 Be6 12. c3 Bg7 13. Qh5 0-0 14. exf5 Bxd5 15. f6 e4 16. fxg7 Re8 17. Bc2 Re5 18. Qe2 Qh4 19. 0-0-0 Rb8 20. Kb1 b4 21. Nc4 bxc3 22. b3 Bxc4 23. Qxc4 Nb4 24. Qc7 Ree8 25. g3 Qf6 26. Qxd6 Qxf2 27. Rc1 Qd2 28. Qc7 Rbc8 29. Qb7 Nxc2 30. Rxc2 Qd3 31. Re1 a5 32. Qb6 e3 33. Qb7 a4 34. Qf3 axb3 35. axb3 Rb8 36. Qe2 Rxb3+ 37. Ka2 Qd5 0-1

[Event "FRA-ch op-B"]
[Site "Caen"]
[Date "2011.08.26"]
[Round "10"]
[White "Legoupil, Benoit"]
[Black "Houlgate, Anthony"]
[Result "1/2-1/2"]
[WhiteElo "1823"]
[BlackElo "1969"]
[PlyCount "88"]
[EventDate "2011.08.16"]
[EventType "swiss"]
[EventRounds "11"]
[EventCountry "FRA"]
[SourceTitle "EXT 2012"]
[Source "ChessBase"]
[SourceDate "2011.11.24"]
[SourceVersion "1"]
[SourceVersionDate "2011.11.24"]
[SourceQuality "1"]

1. e4 c5 2. Nc3 Nc6 3. f4 d6 4. Nf3 g6 5. Bc4 Bg7 6. 0-0 e6 7. Qe1 Nge7 8. d3 0-0 9. Qg3 d5 10. Bb3 a6 11. a4 b6 12. Ne2 dxe4 13. dxe4 Na5 14. Nh4 Nxb3 15. Qxb3 Bf6 16. Nf3 Bb7 17. Ng3 Rc8 18. c3 Qc7 19. Be3 Qc6 20. Rfd1 Rfd8 21. Rxd8+ Rxd8 22. Rd1 Qc7 23. Rxd8+ Qxd8 24. Bxc5 Nc8 25. Bd4 Bxd4+ 26. cxd4 Qd6 27. e5 Qd7 28. Qc4 Bd5 29. Qc3 Ne7 30. b3 Nc6 31. Nd2 Kg7 32. Ngf1 Ne7 33. Ne3 Bb7 34. Kf2 Nd5 35. Nxd5 Qxd5 36. Nf3 Bc6 37. Qc2 Qd7 38. Ke3 Bxf3 39. gxf3 Qe7 40. Qc6 Qb4 41. Qc4 Qe1+ 42. Qe2 Qc3+ 43. Qd3 Qe1+ 44. Qe2 Qc3+ 1/2-1/2

[Event "FRA-ch op-B"]
[Site "Caen"]
[Date "2011.08.22"]
[Round "6"]
[White "Houlgate, Anthony"]
[Black "Doucet, Antoine"]
[Result "1-0"]
[WhiteElo "1969"]
[BlackElo "1840"]
[PlyCount "51"]
[EventDate "2011.08.16"]
[EventType "swiss"]
[EventRounds "11"]
[EventCountry "FRA"]
[SourceTitle "EXT 2012"]
[Source "ChessBase"]
[SourceDate "2011.11.24"]
[SourceVersion "1"]
[SourceVersionDate "2011.11.24"]
[SourceQuality "1"]

1. e4 c5 2. Nf3 Nc6 3. Bb5 Nf6 4. Bxc6 dxc6 5. d3 g6 6. 0-0 Bg7 7. Nc3 0-0 8. h3 Qc7 9. Be3 b6 10. Qd2 e5 11. a4 a5 12. Ne2 c4 13. Qc3 cxd3 14. cxd3 Ba6 15. Ng3 Rad8 16. Rfd1 Nd7 17. d4 Be2 18. Nxe2 exd4 19. Bxd4 Bxd4 20. Nexd4 Nc5 21. Re1 Qf4 22. Nxc6 Rde8 23. e5 Nxa4 24. Qb3 Nc5 25. Qxb6 Ne4 26. Qe3 1-0

[Event "FRA-ch op-B"]
[Site "Caen"]
[Date "2011.08.16"]
[Round "1"]
[White "Houlgate, Anthony"]
[Black "Froment, Theophile"]
[Result "1/2-1/2"]
[WhiteElo "1969"]
[BlackElo "1859"]
[PlyCount "92"]
[EventDate "2011.08.16"]
[EventType "swiss"]
[EventRounds "11"]
[EventCountry "FRA"]
[SourceTitle "EXT 2012"]
[Source "ChessBase"]
[SourceDate "2011.11.24"]
[SourceVersion "1"]
[SourceVersionDate "2011.11.24"]
[SourceQuality "1"]

1. e4 e6 2. d4 d5 3. Nd2 a6 4. Ngf3 Nf6 5. Bd3 c5 6. c3 Nc6 7. 0-0 dxe4 8. Nxe4 cxd4 9. cxd4 Be7 10. Nxf6+ Bxf6 11. Be3 0-0 12. Rc1 g6 13. Be4 Bd7 14. b3 Bg7 15. Qd2 Re8 16. d5 exd5 17. Bxd5 Rc8 18. Ng5 Be6 19. Nxe6 fxe6 20. Bxc6 Qxd2 21. Bxd2 Rxc6 22. Rxc6 bxc6 23. Ba5 Bd4 24. Rd1 e5 25. Kf1 Rf8 26. f3 Kf7 27. Rc1 Rc8 28. Ke2 Ke6 29. Kd3 Kd5 30. Bc3 Re8 31. Re1 c5 32. Bd2 Re6 33. Re4 Re7 34. Rh4 Rf7 35. Re4 Re7 36. Bg5 Rf7 37. Bh4 Rf4 38. Bg3 Rxe4 39. fxe4+ Kd6 40. Kc4 Bb2 41. Be1 Kc6 42. Bc3 Bxc3 43. Kxc3 g5 44. g4 h6 45. Kc4 Kd6 46. a3 Kc6 1/2-1/2

[Event "Rennes op 4th"]
[Site "Rennes"]
[Date "2011.07.18"]
[Round "4"]
[White "Le Marec, Simon"]
[Black "Houlgate, Anthony"]
[Result "1/2-1/2"]
[WhiteElo "2108"]
[BlackElo "1969"]
[PlyCount "135"]
[EventDate "2011.07.16"]
[EventType "swiss"]
[EventRounds "9"]
[EventCountry "FRA"]
[SourceTitle "CBM 143 Extra"]
[Source "ChessBase"]
[SourceDate "2011.08.29"]
[SourceVersion "1"]
[SourceVersionDate "2011.08.29"]
[SourceQuality "1"]

1. d4 Nf6 2. Nf3 g6 3. g3 Bg7 4. Bg2 0-0 5. 0-0 d5 6. Nbd2 c5 7. dxc5 Na6 8. c4 Nxc5 9. cxd5 Nxd5 10. Nb3 Qd6 11. Ng5 Nxb3 12. Qxb3 Nb6 13. a4 h6 14. Rd1 Qf6 15. a5 hxg5 16. axb6 Be6 17. Qb5 axb6 18. Rxa8 Rxa8 19. Bxb7 Ra1 20. Kg2 Qf5 21. Rd8+ Kh7 22. Qxf5 Bxf5 23. Bxg5 Bxb2 24. Bd5 Rd1 25. Kf3 e6 26. Bc4 Rxd8 27. Bxd8 Bb1 28. Bxb6 Kg7 29. h4 Bf6 30. Kf4 Bc2 31. Bc7 Bd1 32. Bd3 Be7 33. e4 Bc5 34. f3 Bd4 35. e5 Bc3 36. Bd8 Bd2+ 37. Kg4 Be3 38. Be4 Bf2 39. Bg5 Be2 40. Bf4 Be1 41. Kg5 Ba5 42. Kg4 Bf1 43. Bg5 Be1 44. Bf6+ Kg8 45. Bc2 Be2 46. Ba4 Bd3 47. f4 Be2+ 48. Kh3 Bf1+ 49. Kh2 Be2 50. Kg2 Bg4 51. Bd8 Kg7 52. Bb6 Bc3 53. Kf2 f6 54. Bc7 fxe5 55. Bxe5+ Bxe5 56. fxe5 g5 57. hxg5 Kg6 58. Ke3 Kxg5 59. Kd4 Be2 60. Bb3 Kf5 61. Ba2 Bf3 62. Bc4 Bd1 63. Bb5 Bb3 64. Be2 Bd5 65. Bf1 Kg4 66. Kc5 Kxg3 67. Kd6 Kg4 68. Bd3 1/2-1/2

[Event "Rennes op 4th"]
[Site "Rennes"]
[Date "2011.07.17"]
[Round "3"]
[White "Houlgate, Anthony"]
[Black "Bouget, Alexandre"]
[Result "1-0"]
[WhiteElo "1969"]
[BlackElo "2199"]
[PlyCount "67"]
[EventDate "2011.07.16"]
[EventType "swiss"]
[EventRounds "9"]
[EventCountry "FRA"]
[SourceTitle "CBM 143 Extra"]
[Source "ChessBase"]
[SourceDate "2011.08.29"]
[SourceVersion "1"]
[SourceVersionDate "2011.08.29"]
[SourceQuality "1"]

1. e4 e5 2. Nf3 Nc6 3. Bb5 a6 4. Ba4 Nf6 5. 0-0 Be7 6. Re1 b5 7. Bb3 0-0 8. h3 Bb7 9. c3 d5 10. exd5 Nxd5 11. d4 exd4 12. cxd4 Bb4 13. Bd2 Bxd2 14. Nbxd2 f5 15. a3 Kh8 16. Rc1 Nf4 17. Nf1 Qd6 18. Qd2 Na5 19. Qxa5 Bxf3 20. Qxc7 Qg6 21. Ng3 Nxg2 22. Re6 Qg5 23. Rc3 Nh4 24. Qe7 Qf4 25. Rc7 Rg8 26. d5 Ng6 27. Rxg6 hxg6 28. d6 Rae8 29. Bxg8 Rxe7 30. dxe7 Qe5 31. Bf7 Qe1+ 32. Nf1 Bc6 33. Bxg6 Qe6 34. Rxc6 1-0

[Event "FRA-chT3 Gr06 0607"]
[Site "France"]
[Date "2006.11.25"]
[Round "2.5"]
[White "Houlgate, Anthony"]
[Black "Busnel, Laurent"]
[Result "1-0"]
[WhiteElo "1944"]
[BlackElo "1959"]
[PlyCount "59"]
[EventDate "2006.10.15"]
[EventType "team"]
[EventRounds "9"]
[EventCountry "FRA"]
[SourceTitle "EXT 2008"]
[Source "ChessBase"]
[SourceDate "2007.11.25"]
[SourceVersion "1"]
[SourceVersionDate "2007.11.25"]
[SourceQuality "1"]
[WhiteTeam "St Hilaire Petitville"]
[BlackTeam "Vitre"]
[WhiteTeamCountry "FRA"]
[BlackTeamCountry "FRA"]

1. e4 c5 2. Nf3 e6 3. d4 cxd4 4. Nxd4 a6 5. Bd3 Nf6 6. 0-0 Qc7 7. c4 Nc6 8. Nxc6 dxc6 9. Nc3 Bc5 10. Kh1 e5 11. f4 Be6 12. f5 Bd7 13. Na4 Bd4 14. c5 Rd8 15. Bg5 Bc8 16. Rc1 h6 17. Bh4 Be3 18. Rc3 Rd4 19. Bxf6 gxf6 20. Qb3 Bf4 21. Nb6 h5 22. Nc4 Rh7 23. Nd6+ Rxd6 24. cxd6 Qxd6 25. Rd1 Qd4 26. Bc4 Qxe4 27. Qb6 Bd7 28. Qc7 Qxf5 29. Rcd3 b5 30. Rxd7 1-0

[Event "FRA-chT3 Gr06 0607"]
[Site "France"]
[Date "2006.10.15"]
[Round "1.5"]
[White "Leroy, Olivier"]
[Black "Houlgate, Anthony"]
[Result "1-0"]
[WhiteElo "2016"]
[BlackElo "1944"]
[PlyCount "73"]
[EventDate "2006.10.15"]
[EventType "team"]
[EventRounds "9"]
[EventCountry "FRA"]
[SourceTitle "EXT 2008"]
[Source "ChessBase"]
[SourceDate "2007.11.25"]
[SourceVersion "1"]
[SourceVersionDate "2007.11.25"]
[SourceQuality "1"]
[WhiteTeam "Cherbourg Octeville"]
[BlackTeam "St Hilaire Petitville"]
[WhiteTeamCountry "FRA"]
[BlackTeamCountry "FRA"]

1. e4 e5 2. Nc3 Nf6 3. Bc4 Nxe4 4. Qh5 Nd6 5. Bb3 Be7 6. Nf3 Nc6 7. Nxe5 g6 8. Nxc6 dxc6 9. Qf3 Nf5 10. d3 0-0 11. 0-0 Nd4 12. Qf4 b5 13. Be3 Bf6 14. Bxd4 Bxd4 15. Qe4 Bxc3 16. bxc3 Qd6 17. Rfe1 Bf5 18. Qe7 Rae8 19. Qxe8 Rxe8 20. Rxe8+ Kg7 21. Rae1 f6 22. R8e7+ Kh6 23. h3 g5 24. Rf7 a5 25. g4 Bg6 26. Rfe7 a4 27. Bf7 Qf4 28. R1e3 Qd6 29. Bxg6 Kxg6 30. R3e6 Qf4 31. Rxc6 h5 32. gxh5+ Kxh5 33. Rf7 g4 34. Rfxf6 Qc1+ 35. Kh2 Qxc2 36. Rc5+ Kh4 37. Rh6# 1-0